<?xml version="1.0" encoding="UTF-8"?>
<record
    xmlns:xsi="http://www.w3.org/2001/XMLSchema-instance"
    xsi:schemaLocation="http://www.loc.gov/MARC21/slim http://www.loc.gov/standards/marcxml/schema/MARC21slim.xsd"
    xmlns="http://www.loc.gov/MARC21/slim">

  <leader>00575nam a2200205Ia 4500</leader>
  <controlfield tag="001">14934</controlfield>
  <controlfield tag="003">GE_BSU</controlfield>
  <controlfield tag="008">181216s||||||||xx |||||||||||||| ||und||</controlfield>
  <datafield tag="040" ind1=" " ind2=" ">
    <subfield code="c">GE_BSU</subfield>
  </datafield>
  <datafield tag="080" ind1=" " ind2=" ">
    <subfield code="a">510</subfield>
  </datafield>
  <datafield tag="100" ind1=" " ind2=" ">
    <subfield code="a">&#x411;&#x435;&#x43B;&#x44B;&#x439;,&#x42E;.&#x410;.</subfield>
  </datafield>
  <datafield tag="245" ind1=" " ind2=" ">
    <subfield code="a">&#x418;&#x43E;&#x433;&#x430;&#x43D;&#x43D; &#x41C;&#x44E;&#x43B;&#x43B;&#x435;&#x440;(&#x420;&#x435;&#x433;&#x438;&#x43E;&#x43C;&#x43E;&#x43D;&#x442;&#x430;&#x43D;) 1436-1476</subfield>
  </datafield>
  <datafield tag="245" ind1=" " ind2=" ">
    <subfield code="c">&#x41E;&#x442;&#x432;.&#x440;&#x435;&#x434;.&#x410;.&#x410;.&#x41C;&#x438;&#x445;&#x430;&#x438;&#x43B;&#x43E;&#x432;, &#x411;.&#x410;.&#x420;&#x43E;&#x437;&#x435;&#x43D;&#x444;&#x435;&#x43B;&#x44C;&#x434;</subfield>
  </datafield>
  <datafield tag="260" ind1=" " ind2=" ">
    <subfield code="a">&#x41C;&#x43E;&#x441;&#x43A;&#x432;&#x430;</subfield>
  </datafield>
  <datafield tag="260" ind1=" " ind2=" ">
    <subfield code="b">&#x41D;&#x430;&#x443;&#x43A;&#x430;</subfield>
  </datafield>
  <datafield tag="260" ind1=" " ind2=" ">
    <subfield code="c">1985</subfield>
  </datafield>
  <datafield tag="300" ind1=" " ind2=" ">
    <subfield code="a">126&#x441;&#x442;&#x440;.20&#x441;&#x43C;.</subfield>
  </datafield>
  <datafield tag="653" ind1=" " ind2=" ">
    <subfield code="a">&#x418;&#x43E;&#x433;&#x430;&#x43D;&#x43D; &#x41C;&#x44E;&#x43B;&#x43B;&#x435;&#x440;(&#x420;&#x435;&#x433;&#x438;&#x43E;&#x43C;&#x43E;&#x43D;&#x442;&#x430;&#x43D;)</subfield>
  </datafield>
  <datafield tag="942" ind1=" " ind2=" ">
    <subfield code="c">BK</subfield>
  </datafield>
  <datafield tag="999" ind1=" " ind2=" ">
    <subfield code="c">48054</subfield>
    <subfield code="d">48054</subfield>
  </datafield>
  <datafield tag="952" ind1=" " ind2=" ">
    <subfield code="0">0</subfield>
    <subfield code="1">0</subfield>
    <subfield code="4">0</subfield>
    <subfield code="7">0</subfield>
    <subfield code="9">62893</subfield>
    <subfield code="d">2018-12-17</subfield>
    <subfield code="p">15131</subfield>
    <subfield code="r">2018-12-17</subfield>
    <subfield code="w">2018-12-17</subfield>
    <subfield code="y">BK</subfield>
  </datafield>
  <datafield tag="952" ind1=" " ind2=" ">
    <subfield code="0">0</subfield>
    <subfield code="1">0</subfield>
    <subfield code="4">0</subfield>
    <subfield code="7">0</subfield>
    <subfield code="9">62894</subfield>
    <subfield code="d">2018-12-17</subfield>
    <subfield code="p">15902</subfield>
    <subfield code="r">2018-12-17</subfield>
    <subfield code="w">2018-12-17</subfield>
    <subfield code="y">BK</subfield>
  </datafield>
</record>
